Antarrashtriya rajniti ke siddhant (Record no. 109161)

MARC details
000 -LEADER
fixed length control field 00353nam a2200145Ia 4500
008 - FIXED-LENGTH DATA ELEMENTS--GENERAL INFORMATION
fixed length control field 230917s9999||||xx |||||||||||||| ||und||
040 ## - CATALOGING SOURCE
-- 195610
Original cataloging agency VIVEKANANDA LIBRARY
041 ## - Language
-- English
082 ## - DDC NUMBER
Classification number 327.11 M277A
100 ## - MAIN ENTRY--PERSONAL NAME
Personal name Mahender Kumar
245 #0 - TITLE STATEMENT
Title Antarrashtriya rajniti ke siddhant
260 ## - PUBLICATION, DISTRIBUTION, ETC. (IMPRINT)
Place of publication, distribution, etc Agra
Name of publisher, distributor, etc Shiv Lal
Date of publication, distribution, etc 2003
300 ## - PHYSICAL DESCRIPTION
Pages 490 p.
942 ## - ADDED ENTRY ELEMENTS (KOHA)
Koha item type Books
Holdings
Withdrawn status Lost status Damaged status Not for loan Location (home branch) Sublocation or collection (holding branch) Date acquired Koha issues (times borrowed) Koha full call number Accession No. Koha date last seen Koha item type
        VIVEKANANDA LIBRARY VIVEKANANDA LIBRARY 14/01/2012   327.11 M277A 195890 17/09/2023 Books
© Designed and Maintained by Vivekananda Library, MDU Rohtak